Statistics for Landmark to country

Click here to take the quiz!

General Stats

  • This quiz has been taken 49 times
  • The average score is 15 of 27

Answer Stats

HintAnswer% Correct
Sydney opera houseAustralia
100%
Pyramids of gizaEgypt
100%
Machu piccuPeru
100%
ColosseumItaly
97%
Statue of libertyUnited states of america
97%
Tahj mahalIndia
94%
Mount FujiJapan
94%
AcropolisGreece
91%
Big benUnited kingdom
91%
Sagrada familiaSpain
85%
Burj KhalifaUnited arab empirates
85%
Cn towerCanada
68%
Petronas towersMalaysia
59%
Eastern islandChile
53%
KaabaSaudi Arabia
50%
Eiffel TowerParis
41%
NyhavnDenmark
21%
Mitad del mundoEcuador
21%
Zuma rockNigeria
21%
NevskyBulgaria
15%
Sham mosqueIran
15%
FaisalPakistan
15%
Wat ArunThailand
15%
Al-FatihBahrain
12%
UspenskiFinland
12%
Candi BoroburudIndonesia
12%
Vigeland parkNorway
12%

Score Distribution

Percentile by Number Answered

Percent of People with Each Score

Your Score History

You have not taken this quiz